00817nam a22002177a 450000500170000001000150001702000260003203500140005803700090007208200100008110000280009124500820011926000610020127000840026230000210034649000100036750000200037794200240039799900190042195201590044020241210171531.0 aENG-142928 c150.00a9788191046373 aEN-126460 bDBAD a181.4 aSīmā Ālmel974918 aI Guruji:bInformal Talks with Guruji/cby Sīma Almel [and] Vishwanath M N  c2010aBangalore (Urban)bManasa Light Age Foundation (R) aTaponagara, Chikkagubbi, (Off Hennur - Bagalur Road)bBangalore (Urban)e560077 c21cm.(pb)a194p. vVol 3 aby study centre cEN2ddch181.4mALM c207537d207537 00103Vol 340708NFICaRKPbRKPd2024-12-10eDelivery of Books Divisiong150.00l0o181.4 ALMpEN-126460r2024-12-10 00:00:00t1v150.00w2024-12-10yEN